000
00298nam a22001337a 4500
008
170412b xxu||||| |||| 00| 0 eng d
020
_a
9780312379964
041
_a
eng
080
_a
618
100
_a
10
101
_a
SHM
245
_a
FLOW THE CULTURAL MENSTRUATION
_c
STEIN.E
942
_2
udc
_c
BK
999
_c
10536
_d
10536